LEADER 03450nas 2200625 n 450 001 990008933150403321 005 20240229084616.0 011 $a1631-0144 035 $a000893315 035 $aFED01000893315 035 $a(Aleph)000893315FED01 035 $a000893315 091 $2CNR$aP 00002135 100 $a20090724b19561960km-y0itaa50------ba 101 0 $afre 102 $aFR 110 $aauu-------- 200 1 $aBulletin signalétique. CNRS. 2. partie: Sciences biologiques, sciences pharmacologiques, industries alimentaires, agriculture 207 1$a1956-1960 210 $aParis$c[s.n.] 326 $aMensile 430 0$1001000892853$12001$aBulletin analytique. CNRS. 2 Partie. Sciences biologiques, industries alimentaires, agriculture 433 0$1001000893323$12001$aBulletin signalétique. CNRS. Section 12: Biophysique, biochimie, chimie analytique, biologie 433 0$1001000893324$12001$aBulletin signalétique. CNRS. Section 13: Sciences pharmacologiques, toxicologie 433 0$1001000893327$12001$aBulletin signalétique. CNRS. Section 14: Microbiologie, immunologie, genetique 433 0$1001000893330$12001$aBulletin signalétique. CNRS. Section 16: Biologie et physiologie animales 433 0$1001000893331$12001$aBulletin signalétique. CNRS. Section 18: Sciences agricoles, zootechnie, phytiatrie et phytopharmacie, aliments et industries alimentaires 446 0$12001$aBulletin signalétique. CNRS. Section 15: Pathologie générale et expérimentale 446 0$12001$aBulletin signalétique. CNRS. Section 17: Biologie et physiologie végétales 530 0 $aBulletin signalétique. CNRS. 2. partie: Sciences biologiques, sciences pharmacologiques, industries alimentaires, agriculture 675 $a57 675 $a63 675 $a663 675 $a664 675 $a615 676 $a011 676 $a574 676 $a664 676 $a630.2 676 $a615.1 676 $a570.5 712 02$aCentre national de la recherche scientifique$c 801 0$aIT$bACNP$c20090723 859 4 $uhttp://acnp.cib.unibo.it/cgi-ser/start/it/cnr/dc-p1.tcl?catno=1082&person=false&language=ITALIANO&libr=&libr_th=unina1$zBiblioteche che possiedono il periodico 901 $aSE 912 $a990008933150403321 958 $aBiblioteca Centrale. Facoltà di Farmacia. Polo delle Scienze e delle Tecnologie per la Vita. Università "Federico II" Napoli$b1956-1960.$d17(1956)-21(1960).$fFFABC 958 $aBiblioteca. Dipartimento di Strutture, Funzioni e Tecnologie Biologiche dell'Università Federico II$b1957-1960.$fDMVSF 959 $aFFABC 959 $aDMVSF 996 $aBulletin signalétique. CNRS. 2. partie: Sciences biologiques, sciences pharmacologiques, industries alimentaires, agriculture$9798194 997 $aUNINA AP1 8 $6866-01$aNA074 Biblioteca Centrale. Facoltà di Farmacia. Polo delle Scienze e delle Tecnologie per la Vita. Università "Federico II" Napoli$evia D. Montesano, 49, 80131 Napoli (NA)$m(081)678201/202/204$m(081) 678139$nit AP1 8 $6866-02$aNA090 Biblioteca. Dipartimento di Strutture, Funzioni e Tecnologie Biologiche dell'Università Federico II$ev. Delpino,1, Napoli (NA)$m(081) 440120$nit AP2 40$aacnp.cib.unibo.it$nACNP Italian Union Catalogue of Serials$uhttp://acnp.cib.unibo.it/cgi-ser/start/it/cnr/df-p.tcl?catno=1082&language=ITALIANO&libr=&person=&B=1&libr_th=unina&proposto=NO LEADER 01641oam 2200289z- 450 001 9910131800503321 005 20200402181111.0 035 $a(CKB)3460000000088658 035 $a(Perlego)2363107 035 $a(EXLCZ)993460000000088658 100 $a20210326d2011 uy | 101 0 $aita 200 00$aLe "emancipate" $eLe donne ebree in Italia nel XIX e XX secolo 210 $aRoma $cViella$d2011 311 08$a9788883343018 311 08$a8883343018 311 08$a9788883345715 311 08$a8883345711 330 8 $aNella comunita? ebraica italiana del XIX e del XX secolo, la donna si trova al centro di un dibattito sull'avvenire della famiglia, dell'educazione dei bambini e sulla continuita? della tradizione di fronte alle minacce legate all'emancipazione. La dimensione femminile e? rappresentativa delle difficolta? della condizione ebraica in continua evoluzione, delle ambiguita? di una minoranza che ha cercato di inserirsi e di elevarsi socialmente salvaguardando al contempo la propria specificita?. Il pieno inserimento degli ebrei nella societa? italiana non si realizza solamente con la presenza degli uomini in campo economico, culturale e politico, ma anche attraverso quella delle donne al di fuori della famiglia e della comunita?. Il percorso delle donne ebree e delle donne italiane fu in parte simile: esse hanno condiviso lo stesso destino, le stesse aspirazioni. 517 $aEmancipate 517 $aLe emancipate 700 $aMiniati$b Monica$0472088 702 $aToscano$b Mario 906 $aBOOK 912 $a9910131800503321 996 $aLe "emancipate"$94358982 997 $aUNINA